La vita che ci resta

সংরক্ষণ করুন:
গ্রন্থ-পঞ্জীর বিবরন
প্রধান লেখক: Blackridge, Dawn
বিন্যাস: গ্রন্থ
ভাষা:ইংরেজি
প্রকাশিত: 2018
ট্যাগগুলো: ট্যাগ যুক্ত করুন
কোনো ট্যাগ নেই, প্রথমজন হিসাবে ট্যাগ করুন!

MARC

LEADER 00000nam a2200000 4500
005 20251028180231.0
008 240619b |||||||| |||| 00| 0 eng d
020 |a 9781717852977 
040 |c C 
100 |a Blackridge, Dawn 
245 |a La vita che ci resta 
260 |c 2018 
942 |2 ddc  |c BK 
952 |0 0  |1 0  |2 ddc  |4 0  |6 853_920000000000000_BLA_VIT  |7 1  |9 1466  |a GE  |b GE  |d 2024-06-19  |l 0  |o 853.92 BLA VIT  |p 2027  |r 2024-06-19 16:09:56  |w 2024-06-19  |x Donazione di Alvaro Bazzano  |y BK  |z Donazione AB 
999 |c 1286  |d 1286